000 00572nam a2200181Ia 4500
003 GCL
008 140319s9999 xx 000 0 ara d
040 _aGCL /
_cGCL
082 0 4 _a889.28
_bن ش
100 1 _aنعيم عطية
245 1 0 _aشخصيات من الادب اليونانى المعاصر /
_cنعيم عطية
300 _a183 ص
490 _aالهيئة العامة للاستعلامات
_v0
650 0 4 _aالادب اليونانى
650 0 4 _aالائتمان
650 0 4 _aالادباء اليونانيون - تراجم
942 _2ddc
_cBK
999 _c47351
_d47351